Súčasná úprava azylu v kontexte európskeho práva
Azylová a utečenecká problematika patrí k aktuálnym a otvoreným otázkam nielen na národnej, ale aj európskej a medzinárodnej úrovni. V prípade udelenia azylu má poskytujúci štát úplnú voľnosť tak urobiť, ale môže ochranu aj odmietnuť. Priznanie azylu je teda jeho vnútroštátna záležitosť, rovnako môž...
Salvato in:
| Autore principale: | |
|---|---|
| Natura: | Capitolo di libro |
| Lingua: | slovacco |
| Soggetti: | |
| Tags: |
Nessun Tag, puoi essere il primo ad aggiungerne!!
|
MARC
| LEADER | 00000nla a2200000 4500 | ||
|---|---|---|---|
| 001 | 0240616 | ||
| 005 | 20240502073920.4 | ||
| 041 | 0 | |a slo | |
| 044 | |a SK | ||
| 245 | 1 | 0 | |a Súčasná úprava azylu v kontexte európskeho práva |c Stanislav Mráz |
| 520 | |a Azylová a utečenecká problematika patrí k aktuálnym a otvoreným otázkam nielen na národnej, ale aj európskej a medzinárodnej úrovni. V prípade udelenia azylu má poskytujúci štát úplnú voľnosť tak urobiť, ale môže ochranu aj odmietnuť. Priznanie azylu je teda jeho vnútroštátna záležitosť, rovnako môže azylantovi udeliť aj štátne občianstvo. | ||
| 610 | 2 | 0 | |a právo európske |
| 610 | 2 | 0 | |a politika migračná |
| 610 | 2 | 0 | |a občianstvo štátne |
| 610 | 2 | 0 | |a politika azylová |
| 610 | 2 | 0 | |a pohyb síl pracovných |
| 610 | 2 | 0 | |a politika medzinárodná |
| 100 | 1 | |a Mráz, Stanislav | |